[Event "32nd Capablanca Memorial"]
[Site "Cienfuegos City CUB"]
[Date "1997.05.05"]
[Round "1"]
[White "Arencibia Rodriguez, Walter"]
[Black "Nogueiras Santiago, Jesus"]
[Result "1/2-1/2"]
[WhiteElo "2560"]
[BlackElo "2545"]
[EventDate "1997.05.05"]
[PlyCount "52"]

1.e4 e6 2.Nf3 d5 3.Nc3 dxe4 4.Nxe4 Nd7 5.d4 Ngf6 6.Nxf6+ Nxf6 7.Bd3 c5 8.
O-O cxd4 9.Nxd4 Bc5 10.c3 O-O 11.Bg5 h6 12.Bh4 Bxd4 13.cxd4 Bd7 14.Re1 Bc6
15.Re5 Qe7 16.Bc2 Rfd8 17.Qd3 Rac8 18.Rae1 Rc7 19.h3 g5 20.Rxg5+ hxg5 21.
Bxg5 Kf8 22.Qg3 Rxd4 23.Qe5 Rd5 24.Bxf6 Rxe5 25.Bxe7+ Kxe7 26.Rxe5 Bxg2 
1/2-1/2

[Event "32nd Capablanca Memorial"]
[Site "Cienfuegos City CUB"]
[Date "1997.05.05"]
[Round "1"]
[White "Borges Matos, Juan"]
[Black "Rodriguez Cespedes, Amador"]
[Result "1/2-1/2"]
[WhiteElo "2500"]
[BlackElo "2555"]
[EventDate "1997.05.05"]
[PlyCount "43"]

1.d4 Nf6 2.c4 e6 3.Nf3 b6 4.g3 Ba6 5.Qa4 Bb7 6.Bg2 c5 7.dxc5 Bxc5 8.O-O 
O-O 9.Nc3 Be7 10.Rd1 Na6 11.Bf4 Qc8 12.Rac1 Nc5 13.Qc2 Nce4 14.h3 Rd8 15.
Nd4 Nxc3 16.Qxc3 Bxg2 17.Kxg2 a6 18.Qf3 Ra7 19.a3 Qb7 20.b4 Rc8 21.Rc2 d6 
22.Nb3 1/2-1/2

[Event "32nd Capablanca Memorial"]
[Site "Cienfuegos City CUB"]
[Date "1997.05.05"]
[Round "1"]
[White "Schlosser, Philipp"]
[Black "Morovic Fernandez, Ivan"]
[Result "1/2-1/2"]
[WhiteElo "2560"]
[BlackElo "2580"]
[EventDate "1997.05.05"]
[PlyCount "33"]

1.Nf3 Nf6 2.c4 e6 3.g3 d5 4.Bg2 Be7 5.O-O O-O 6.d4 dxc4 7.Qc2 a6 8.Qxc4 b5
9.Qc2 Bb7 10.Bf4 Nc6 11.Nc3 Nb4 12.Qb1 Nbd5 13.Nxd5 Bxd5 14.Rd1 Rc8 15.Ne5
Bxg2 16.Kxg2 Qd5+ 17.Kg1 1/2-1/2

[Event "32nd Capablanca Memorial"]
[Site "Cienfuegos City CUB"]
[Date "1997.05.06"]
[Round "2"]
[White "Nogueiras Santiago, Jesus"]
[Black "Schlosser, Philipp"]
[Result "1/2-1/2"]
[WhiteElo "2545"]
[BlackElo "2580"]
[EventDate "1997.05.05"]
[PlyCount "58"]

1.d4 Nf6 2.c4 e6 3.Nc3 Bb4 4.Qc2 d5 5.cxd5 Qxd5 6.Nf3 Qf5 7.Qd1 c5 8.e3 
cxd4 9.exd4 Ne4 10.Bd2 Nc6 11.Be2 Nxd2 12.Qxd2 O-O 13.O-O Rd8 14.Qe3 Bd6 
15.g3 Nb4 16.Rac1 Bd7 17.a3 Nd5 18.Nxd5 Qxd5 19.Bc4 Qh5 20.Ne5 Bxe5 21.
dxe5 Bc6 22.Be2 Qf5 23.Rfd1 h6 24.f3 a5 25.g4 Qg5 26.Qxg5 hxg5 27.Kf2 Rxd1
28.Rxd1 a4 29.Rd4 Kf8 1/2-1/2

[Event "32nd Capablanca Memorial"]
[Site "Cienfuegos City CUB"]
[Date "1997.05.06"]
[Round "2"]
[White "Rodriguez Cespedes, Amador"]
[Black "Spraggett, Kevin"]
[Result "1/2-1/2"]
[WhiteElo "2555"]
[BlackElo "2580"]
[EventDate "1997.05.05"]
[PlyCount "37"]

1.e4 c6 2.d4 d5 3.Nd2 dxe4 4.Nxe4 Bf5 5.Ng3 Bg6 6.h4 h6 7.Nf3 Nf6 8.h5 Bh7
9.Bd3 Bxd3 10.Qxd3 e6 11.Bf4 Bd6 12.Ne5 Qc7 13.O-O-O Nbd7 14.Ne4 Nxe4 15.
Qxe4 O-O-O 16.Bg3 Rhf8 17.Rhe1 Nxe5 18.dxe5 Bc5 19.Qg4 1/2-1/2

[Event "32nd Capablanca Memorial"]
[Site "Cienfuegos City CUB"]
[Date "1997.05.08"]
[Round "3"]
[White "Borges Matos, Juan"]
[Black "Zapata Ramirez, Alonso"]
[Result "1/2-1/2"]
[WhiteElo "2500"]
[BlackElo "2515"]
[EventDate "1997.05.05"]
[PlyCount "108"]

1.d4 Nf6 2.c4 g6 3.Nc3 Bg7 4.Nf3 O-O 5.g3 d6 6.Bg2 Nc6 7.O-O a6 8.b3 Rb8 
9.Bb2 b5 10.cxb5 axb5 11.d5 Na5 12.Rc1 e6 13.dxe6 Bxe6 14.Nd4 Bd7 15.Qd2 
c6 16.Rfd1 Re8 17.Nc2 Nb7 18.Nb4 Qb6 19.e3 Rbc8 20.Ne2 Ne4 21.Bd4 Bxd4 22.
Qxd4 Qxd4 23.exd4 Na5 24.Nc3 Nf6 25.d5 c5 26.Nc6 Nxc6 27.dxc6 Bxc6 28.Rxd6
Bxg2 29.Kxg2 Ne4 30.Nxe4 Rxe4 31.Rd5 c4 32.Rxb5 c3 33.Rd5 Re2 34.Rd3 Rxa2 
35.Rcxc3 Rxc3 36.Rxc3 Rb2 37.Rc8+ Kg7 38.Rb8 h5 39.h4 Kf6 40.Kf3 Ke5 41.
Ke3 Kf5 42.f3 f6 43.Rb5+ Ke6 44.Kf4 Rb1 45.Rb6+ Ke7 46.b4 Kf7 47.b5 Rb4+ 
48.Ke3 g5 49.hxg5 fxg5 50.Rb7+ Kg6 51.b6 Rb3+ 52.Kf2 Rb2+ 53.Kg1 g4 54.f4 
Kf5 1/2-1/2

[Event "32nd Capablanca Memorial"]
[Site "Cienfuegos City CUB"]
[Date "1997.05.08"]
[Round "3"]
[White "Hernandez, Gilberto"]
[Black "Morovic Fernandez, Ivan"]
[Result "1/2-1/2"]
[WhiteElo "2540"]
[BlackElo "2580"]
[EventDate "1997.05.05"]
[PlyCount "50"]

1.e4 c5 2.Nf3 d6 3.d4 cxd4 4.Nxd4 Nf6 5.Nc3 a6 6.Bc4 e6 7.Bb3 b5 8.O-O Be7
9.Qf3 Qb6 10.Be3 Qb7 11.Qg3 b4 12.Na4 Nbd7 13.f3 O-O 14.Rac1 Ne5 15.c4 
bxc3 16.Rxc3 Bd7 17.Nb6 Nh5 18.Qh3 Nf4 19.Bxf4 Qxb6 20.Be3 Qb7 21.f4 Nc6 
22.Nxc6 Bxc6 23.Rfc1 Rac8 24.f5 Bxe4 25.fxe6 f6 1/2-1/2

[Event "32nd Capablanca Memorial"]
[Site "Cienfuegos City CUB"]
[Date "1997.05.08"]
[Round "3"]
[White "Arencibia Rodriguez, Walter"]
[Black "Rodriguez Cespedes, Amador"]
[Result "1-0"]
[WhiteElo "2560"]
[BlackElo "2555"]
[EventDate "1997.05.05"]
[PlyCount "37"]

1.d4 Nf6 2.Nf3 e6 3.Bg5 c5 4.e3 Be7 5.dxc5 Bxc5 6.Bd3 Nc6 7.O-O d5 8.Nbd2 
Be7 9.c4 O-O 10.Rc1 Bd7 11.a3 dxc4 12.Nxc4 Nd5 13.Bxe7 Qxe7 14.b4 Rfc8 15.
Bb1 b5 16.e4 Nb6 17.Nd6 Rd8 18.e5 g6 19.Be4 1-0

[Event "32nd Capablanca Memorial"]
[Site "Cienfuegos City CUB"]
[Date "1997.05.09"]
[Round "4"]
[White "Borges Matos, Juan"]
[Black "Spraggett, Kevin"]
[Result "1/2-1/2"]
[WhiteElo "2500"]
[BlackElo "2580"]
[EventDate "1997.05.05"]
[PlyCount "105"]

1.d4 Nf6 2.c4 e6 3.Nf3 b6 4.g3 Ba6 5.Qa4 Bb7 6.Bg2 c5 7.dxc5 Bxc5 8.O-O 
O-O 9.Nc3 Be7 10.Rd1 a6 11.Bf4 d6 12.Rd2 Qc7 13.Rad1 Rd8 14.Ng5 Bxg2 15.
Kxg2 Nc6 16.Nge4 Ne8 17.Bg5 f6 18.Be3 Ne5 19.Rd4 Rdc8 20.Nd2 f5 21.f3 Bf6 
22.Bf2 Nc6 23.Rd3 Na5 24.e4 g6 25.Bd4 Bxd4 26.Rxd4 Nc6 27.Rd3 Ne5 28.Rd4 
Nf6 29.Qa3 Rd8 30.exf5 gxf5 31.Ne2 Nc6 32.Rh4 Ne5 33.Qe3 Re8 34.Rh6 Qg7 
35.Rh4 b5 36.b3 Rad8 37.Nf4 Ng6 38.Nxg6 hxg6 39.Rd4 e5 40.Rd3 Qb7 41.Kg1 
Kf7 42.Re1 d5 43.cxd5 Nxd5 44.Qc5 Nf6 45.Rxd8 Rxd8 46.Qe3 Qd5 47.Re2 Qd4 
48.Qxd4 Rxd4 49.Nf1 Ke6 50.Rc2 Kd7 51.Kf2 Nd5 52.Rd2 Rxd2+ 53.Nxd2 1/2-1/2

[Event "32nd Capablanca Memorial"]
[Site "Cienfuegos City CUB"]
[Date "1997.05.09"]
[Round "4"]
[White "Zapata Ramirez, Alonso"]
[Black "Morovic Fernandez, Ivan"]
[Result "1/2-1/2"]
[WhiteElo "2515"]
[BlackElo "2580"]
[EventDate "1997.05.05"]
[PlyCount "95"]

1.e4 c5 2.Nf3 d6 3.d4 cxd4 4.Nxd4 Nf6 5.Nc3 a6 6.Bc4 e6 7.Bb3 b5 8.O-O Be7
9.Qf3 Qb6 10.Be3 Qb7 11.Qg3 b4 12.Na4 Nbd7 13.f3 O-O 14.Rfd1 Kh8 15.Rac1 
Ne5 16.Ne2 a5 17.c4 bxc3 18.Rxc3 Bd7 19.Nb6 Ra6 20.Nxd7 Nexd7 21.Rdc1 a4 
22.Bc2 Ra5 23.b4 axb3 24.Bxb3 Qa6 25.Nd4 Nc5 26.Bc4 Qa8 27.Nb3 Ncxe4 28.
fxe4 Nxe4 29.Qe1 Rxa2 30.R3c2 Rxc2 31.Rxc2 d5 32.Bd3 Qa3 33.Qb1 Qb4 34.Rc1
Nf6 35.Bd4 Rb8 36.Qa2 Kg8 37.h3 Qa3 38.Qxa3 Bxa3 39.Rb1 Nd7 40.Kf2 h5 41.
Nd2 Rxb1 42.Bxb1 Bc5 43.Ke3 Kf8 44.Bxc5+ Nxc5 45.Kf4 Ke7 46.Kg5 g6 47.Nf3 
e5 48.Bxg6 1/2-1/2

[Event "32nd Capablanca Memorial"]
[Site "Cienfuegos City CUB"]
[Date "1997.05.09"]
[Round "4"]
[White "Rodriguez Cespedes, Amador"]
[Black "Schlosser, Philipp"]
[Result "1/2-1/2"]
[WhiteElo "2555"]
[BlackElo "2560"]
[EventDate "1997.05.05"]
[PlyCount "46"]

1.e4 c6 2.c4 d5 3.cxd5 cxd5 4.exd5 Nf6 5.Qa4+ Nbd7 6.Nc3 g6 7.Nf3 Bg7 8.
Qb3 a6 9.a4 Nb6 10.a5 Nbxd5 11.Bc4 e6 12.O-O O-O 13.d3 b5 14.axb6 Nxb6 15.
Be3 Nfd7 16.Na4 Nxa4 17.Rxa4 Qc7 18.Rc1 Nc5 19.Bb5 Qxh2+ 20.Kxh2 Nxb3 21.
Rc7 Rb8 22.Bxa6 Bxa6 23.Rxa6 Bxb2 1/2-1/2

[Event "32nd Capablanca Memorial"]
[Site "Cienfuegos City CUB"]
[Date "1997.05.11"]
[Round "5"]
[White "Arencibia Rodriguez, Walter"]
[Black "Borges Matos, Juan"]
[Result "1/2-1/2"]
[WhiteElo "2560"]
[BlackElo "2500"]
[EventDate "1997.05.05"]
[PlyCount "103"]

1.d4 f5 2.g3 Nf6 3.Bg2 g6 4.Nh3 Bg7 5.O-O O-O 6.Nd2 d6 7.c3 c6 8.Qb3+ Kh8 
9.Nf4 Na6 10.Ne6 Bxe6 11.Qxe6 d5 12.Qe3 Ng4 13.Qd3 e5 14.dxe5 Nxe5 15.Qc2 
Qe7 16.Nf3 Rae8 17.Nxe5 Bxe5 18.Be3 Nc5 19.b4 Nd7 20.Rad1 Nb6 21.Bc5 Bd6 
22.Bxd6 Qxd6 23.c4 Qxb4 24.cxd5 cxd5 25.Bxd5 Rc8 26.Qb3 Qxb3 27.Bxb3 Rfd8 
28.Rxd8+ Rxd8 29.Rc1 Kg7 30.Kg2 Kf6 31.Kf3 Nd7 32.e3 Ne5+ 33.Ke2 Rd7 34.
Rc8 a6 35.h3 h5 36.Re8 Nd3 37.Re6+ Kg7 38.Rb6 Nc5 39.Bc2 Rc7 40.Rb4 b5 41.
Kd2 Nd7 42.e4 Ne5 43.exf5 Nc4+ 44.Kd1 Rf7 45.Bd3 Ne5 46.Bb1 Nc4 47.Bd3 Ne5
48.Bc2 Nc4 49.g4 gxf5 50.gxf5 Kf6 51.Bd3 Rd7 52.Kc2 1/2-1/2

[Event "32nd Capablanca Memorial"]
[Site "Cienfuegos City CUB"]
[Date "1997.05.11"]
[Round "5"]
[White "Hernandez, Gilberto"]
[Black "Leko, Peter"]
[Result "1/2-1/2"]
[WhiteElo "2540"]
[BlackElo "2600"]
[EventDate "1997.05.05"]
[PlyCount "54"]

1.e4 e5 2.Nf3 Nc6 3.Bb5 a6 4.Ba4 Nf6 5.O-O Be7 6.d3 d6 7.c3 O-O 8.Nbd2 b5 
9.Bc2 Re8 10.Re1 Bf8 11.h3 Bb7 12.a4 Nb8 13.Nf1 Nbd7 14.Ng3 g6 15.Nh2 Bg7 
16.Ng4 Nxg4 17.hxg4 Nc5 18.Be3 Ne6 19.Bb3 d5 20.Qf3 c6 21.axb5 axb5 22.
Rxa8 Qxa8 23.Rd1 Rd8 24.g5 Rd7 25.Qg4 Qd8 26.d4 b4 27.dxe5 bxc3 1/2-1/2

[Event "32nd Capablanca Memorial"]
[Site "Cienfuegos City CUB"]
[Date "1997.05.11"]
[Round "5"]
[White "Spraggett, Kevin"]
[Black "Zapata Ramirez, Alonso"]
[Result "1-0"]
[WhiteElo "2580"]
[BlackElo "2515"]
[EventDate "1997.05.05"]
[PlyCount "91"]

1.Nf3 Nf6 2.c4 d6 3.g3 e5 4.d3 Nc6 5.Bg2 g6 6.b3 Bg7 7.Bb2 O-O 8.O-O Nh5 
9.Nc3 f5 10.e3 g5 11.Ne1 g4 12.f3 Ne7 13.fxg4 fxg4 14.Rxf8+ Qxf8 15.Nc2 c6
16.Qd2 Qf6 17.Rf1 Qh6 18.Ne4 Nf5 19.Ba3 a5 20.Bc1 Bd7 21.Rf2 Qg6 22.Nc3 
Bh6 23.Qd1 Nhg7 24.Ne4 Ne6 25.Qxg4 Rf8 26.Qxg6+ hxg6 27.g4 Nh4 28.Nf6+ 
Rxf6 29.Rxf6 Bg5 30.Rf1 Nc5 31.d4 Nd3 32.dxe5 Bxg4 33.exd6 Be2 34.Bd2 Bxf1
35.Kxf1 Nxg2 36.Kxg2 b6 37.Nd4 Kf7 38.Nxc6 Ke6 39.Ne7 Ne5 40.Bc3 Ng4 41.
Nxg6 Nxe3+ 42.Kf3 Nf5 43.Nf4+ Kxd6 44.Kg4 Bxf4 45.Kxf4 Ke6 46.a4 1-0

[Event "32nd Capablanca Memorial"]
[Site "Cienfuegos City CUB"]
[Date "1997.05.12"]
[Round "6"]
[White "Borges Matos, Juan"]
[Black "Schlosser, Philipp"]
[Result "0-1"]
[WhiteElo "2500"]
[BlackElo "2560"]
[EventDate "1997.05.05"]
[PlyCount "114"]

1.Nf3 Nf6 2.c4 c5 3.g3 d5 4.cxd5 Nxd5 5.Bg2 Nc6 6.d4 e6 7.O-O Be7 8.dxc5 
Bxc5 9.a3 O-O 10.Qc2 Bb6 11.Rd1 Bd7 12.e4 Nde7 13.Nc3 e5 14.Be3 Bxe3 15.
fxe3 Qc8 16.Nd5 Bg4 17.Rac1 Rd8 18.b4 Nxd5 19.exd5 Ne7 20.Qd3 Qf5 21.e4 
Qf6 22.Rf1 Bxf3 23.Bxf3 Nc8 24.Rc5 Nd6 25.Bg4 Qg5 26.Bf5 Re8 27.h4 Qd8 28.
Bh3 Qb6 29.Bg2 a5 30.Rb1 axb4 31.axb4 Ra2 32.Kh1 h5 33.Rc2 Ra4 34.Qc3 Rc8 
35.Qxc8+ Nxc8 36.Rxc8+ Kh7 37.Rf1 Rxb4 38.Rxf7 Rb1+ 39.Rf1 Rxf1+ 40.Bxf1 
Qb1 41.Kg1 Qxe4 42.Bg2 Qg4 43.Rc1 Qxg3 44.Rd1 Qg4 45.Rd3 Qc4 46.Re3 Qd4 
47.Kf2 Qxh4+ 48.Ke2 Qc4+ 49.Kf2 Qd4 50.Ke2 b5 51.Rd3 Qc4 52.Ke3 Qc5+ 53.
Ke2 Qd6 54.Be4+ g6 55.Rc3 Qb4 56.Rc7+ Kh6 57.Ke3 Qe1+ 0-1

[Event "32nd Capablanca Memorial"]
[Site "Cienfuegos City CUB"]
[Date "1997.05.12"]
[Round "6"]
[White "Rodriguez Cespedes, Amador"]
[Black "Hernandez, Gilberto"]
[Result "1-0"]
[WhiteElo "2555"]
[BlackElo "2540"]
[EventDate "1997.05.05"]
[PlyCount "85"]

1.e4 c5 2.Nf3 Nc6 3.d4 cxd4 4.Nxd4 e6 5.Nb5 d6 6.Bf4 e5 7.Be3 Be6 8.Nd2 a6
9.Nc3 Be7 10.Nc4 b5 11.Nb6 Rb8 12.Nbd5 Nf6 13.a4 bxa4 14.Bxa6 O-O 15.Bb5 
Bxd5 16.exd5 Nd4 17.Bxd4 exd4 18.Qxd4 Nd7 19.Qxa4 Nc5 20.Qc4 Bf6 21.O-O 
Bxc3 22.bxc3 Qg5 23.Rfe1 Rb7 24.Re3 Rfb8 25.Qe2 g6 26.c4 Qf6 27.c3 Rf8 28.
g3 Rbb8 29.Rf3 Qd8 30.Kg2 Rb7 31.Re3 Qf6 32.Qd1 Qd8 33.Qe2 Qf6 34.Ra2 Qd8 
35.Bc6 Rc7 36.h4 h5 37.Ra8 Rc8 38.Ra1 Rc7 39.Re1 Qf6 40.Qd1 Qg7 41.Qd4 
Rcc8 42.f4 Rcd8 43.Ra1 1-0

[Event "32nd Capablanca Memorial"]
[Site "Cienfuegos City CUB"]
[Date "1997.05.12"]
[Round "6"]
[White "Spraggett, Kevin"]
[Black "Arencibia Rodriguez, Walter"]
[Result "1/2-1/2"]
[WhiteElo "2580"]
[BlackElo "2560"]
[EventDate "1997.05.05"]
[PlyCount "149"]

1.c4 b6 2.Nc3 Bb7 3.Nf3 e6 4.g3 Nf6 5.Bg2 Be7 6.O-O O-O 7.Re1 Ne4 8.Nxe4 
Bxe4 9.d3 Bb7 10.e4 c5 11.d4 cxd4 12.Nxd4 a6 13.b3 d6 14.Bb2 Re8 15.Rc1 
Nd7 16.Qe2 Rc8 17.Rc2 Rc7 18.Rd1 Qa8 19.Rcd2 Bf8 20.f4 Nf6 21.e5 Ne4 22.
Rd3 dxe5 23.fxe5 Rd7 24.a3 a5 25.Nb5 Rxd3 26.Rxd3 Nc5 27.Re3 Rd8 28.Bd4 a4
29.b4 Nb3 30.Bxb7 Qxb7 31.Bc3 Qc6 32.Na7 Qd7 33.Nb5 Be7 34.Kg2 Bg5 35.Re4 
Qc6 36.Kh3 Nc1 37.Qg2 h5 38.Rd4 Rc8 39.Na7 Qxg2+ 40.Kxg2 Rc7 41.Nb5 Rc8 
42.h4 Bh6 43.Kf2 Nb3 44.Re4 Rd8 45.Re2 Rd3 46.Rc2 g5 47.hxg5 Bxg5 48.Be1 
h4 49.gxh4 Bxh4+ 50.Ke2 Rh3 51.Bxh4 Rxh4 52.Ke3 Kf8 53.Rf2 Rh3+ 54.Ke4 Rh1
55.Nd6 Re1+ 56.Kf4 Nc1 57.Rd2 Nb3 58.Rh2 Rf1+ 59.Ke3 Re1+ 60.Re2 Ra1 61.
Rh2 Re1+ 62.Kd3 f5 63.Nc8 Ra1 64.Kc3 b5 65.c5 Re1 66.Na7 Re3+ 67.Kb2 Nd4 
68.Rd2 Ne2 69.Rd8+ Ke7 70.Nc6+ Kf7 71.Rd7+ Kf8 72.Rd8+ Kf7 73.Rd7+ Kf8 74.
Rd6 f4 75.Rxe6 1/2-1/2

[Event "32nd Capablanca Memorial"]
[Site "Cienfuegos City CUB"]
[Date "1997.05.12"]
[Round "6"]
[White "Zapata Ramirez, Alonso"]
[Black "Nogueiras Santiago, Jesus"]
[Result "1/2-1/2"]
[WhiteElo "2515"]
[BlackElo "2545"]
[EventDate "1997.05.05"]
[PlyCount "74"]

1.e4 e6 2.d4 d5 3.Nd2 b6 4.Ngf3 Nf6 5.e5 Nfd7 6.c3 Be7 7.b4 Ba6 8.b5 Bb7 
9.a4 a6 10.Bb2 axb5 11.axb5 Rxa1 12.Qxa1 c6 13.Ba3 cxb5 14.Bxb5 O-O 15.O-O
Nc6 16.Bxe7 Qxe7 17.Qb2 Ra8 18.Ra1 Rxa1+ 19.Qxa1 Na5 20.Ne1 Nf8 21.Nc2 f6 
22.f4 fxe5 23.fxe5 Qc7 24.Ne3 Bc6 25.Bd3 Be8 26.Qb2 Bg6 27.Be2 Bf7 28.c4 
Qd8 29.cxd5 exd5 30.Bf3 Nc6 31.Ndc4 Qh4 32.g3 Qxd4 33.Qxd4 Nxd4 34.Bxd5 
Bxd5 35.Nxd5 b5 36.Nd6 Ng6 37.e6 Nxe6 1/2-1/2

[Event "32nd Capablanca Memorial"]
[Site "Cienfuegos City CUB"]
[Date "1997.05.14"]
[Round "7"]
[White "Arencibia Rodriguez, Walter"]
[Black "Zapata Ramirez, Alonso"]
[Result "1/2-1/2"]
[WhiteElo "2560"]
[BlackElo "2515"]
[EventDate "1997.05.05"]
[PlyCount "114"]

1.d4 Nf6 2.g3 g6 3.Bg2 Bg7 4.e4 O-O 5.Ne2 c5 6.dxc5 Na6 7.O-O Nxc5 8.Nbc3 
d6 9.h3 Bd7 10.Re1 Rc8 11.a4 a6 12.a5 Qc7 13.Ra3 e5 14.Be3 Bc6 15.Nd5 Nxd5
16.exd5 Bb5 17.Nc3 f5 18.b4 Nd7 19.Nxb5 axb5 20.Bf1 f4 21.Bd2 fxg3 22.Rxg3
Qxc2 23.Bxb5 Qf5 24.Qe2 Nf6 25.Rf3 Qh5 26.Rc3 Qh4 27.Rxc8 Rxc8 28.Qf3 Qd4 
29.Rd1 e4 30.Qb3 Qe5 31.a6 bxa6 32.Bxa6 Rb8 33.Be2 Kh8 34.Be3 Qf5 35.Bf1 
Nh5 36.b5 Nf4 37.Bd4 Bxd4 38.Rxd4 Qg5+ 39.Qg3 Qe5 40.Rb4 Rb6 41.Qg4 Qf5 
42.Rxe4 Qxg4+ 43.hxg4 Nxd5 44.f4 Nf6 45.Rc4 h6 46.Rc6 Rxc6 47.bxc6 Nd5 48.
g5 Kg7 49.Kf2 hxg5 50.fxg5 Nc7 51.Ke3 Kf8 52.Bd3 Kf7 53.Kd4 Ke7 54.Kc4 Kd8
55.Bxg6 Ne6 56.Bh5 Nxg5 57.Kd5 Kc7 1/2-1/2

[Event "32nd Capablanca Memorial"]
[Site "Cienfuegos City CUB"]
[Date "1997.05.14"]
[Round "7"]
[White "Morovic Fernandez, Ivan"]
[Black "Rodriguez Cespedes, Amador"]
[Result "1-0"]
[WhiteElo "2580"]
[BlackElo "2555"]
[EventDate "1997.05.05"]
[PlyCount "75"]

1.e4 c5 2.Nf3 d6 3.d4 cxd4 4.Nxd4 Nf6 5.Nc3 Nc6 6.Bc4 e6 7.Bb3 a6 8.f4 Qc7
9.Be3 Na5 10.f5 e5 11.Nde2 Bd7 12.Bg5 Nxb3 13.cxb3 Be7 14.Bxf6 Bxf6 15.Nd5
Qd8 16.O-O Bg5 17.Nec3 h5 18.a4 h4 19.h3 Rc8 20.Qe2 O-O 21.b4 f6 22.b5 a5 
23.b6 Rc5 24.Nc7 Bc6 25.Rfd1 Rf7 26.Rd3 Rc4 27.Rad1 Rd7 28.b3 Rc5 29.Ne6 
Qxb6 30.Nxc5 Qxc5+ 31.Kh1 Bf4 32.Nd5 Bg3 33.Rf1 Kf8 34.Rc3 Qa3 35.Qc2 Rd8 
36.Rc4 Be8 37.Rd1 Bc6 38.Nc3 1-0

[Event "32nd Capablanca Memorial"]
[Site "Cienfuegos City CUB"]
[Date "1997.05.14"]
[Round "7"]
[White "Nogueiras Santiago, Jesus"]
[Black "Leko, Peter"]
[Result "1/2-1/2"]
[WhiteElo "2545"]
[BlackElo "2600"]
[EventDate "1997.05.05"]
[PlyCount "28"]

1.Nf3 Nf6 2.c4 g6 3.Nc3 d5 4.cxd5 Nxd5 5.g3 Bg7 6.Bg2 Nc6 7.O-O O-O 8.d4 
Nb6 9.e3 e5 10.d5 e4 11.dxc6 Qxd1 12.Rxd1 exf3 13.Bxf3 bxc6 14.Bd2 Nc4 
1/2-1/2

[Event "32nd Capablanca Memorial"]
[Site "Cienfuegos City CUB"]
[Date "1997.05.14"]
[Round "7"]
[White "Schlosser, Philipp"]
[Black "Spraggett, Kevin"]
[Result "0-1"]
[WhiteElo "2560"]
[BlackElo "2580"]
[EventDate "1997.05.05"]
[PlyCount "50"]

1.Nf3 Nf6 2.d4 e6 3.g3 c5 4.Bg2 cxd4 5.Nxd4 a6 6.O-O Qc7 7.b3 d6 8.c4 Be7 
9.Bb2 Bd7 10.Nc3 Nc6 11.e3 Rc8 12.Rc1 Qb8 13.g4 h6 14.f4 Nxd4 15.exd4 b5 
16.g5 hxg5 17.fxg5 d5 18.gxf6 Qxh2+ 19.Kf2 Bxf6 20.Qf3 Bxd4+ 21.Ke2 bxc4 
22.Kd1 Qh5 23.Rc2 Qxf3+ 24.Bxf3 cxb3 25.axb3 Rh3 0-1

[Event "32nd Capablanca Memorial"]
[Site "Cienfuegos City CUB"]
[Date "1997.05.15"]
[Round "8"]
[White "Borges Matos, Juan"]
[Black "Hernandez, Gilberto"]
[Result "1/2-1/2"]
[WhiteElo "2500"]
[BlackElo "2540"]
[EventDate "1997.05.05"]
[PlyCount "37"]

1.d4 Nf6 2.c4 c5 3.d5 e6 4.Nc3 exd5 5.cxd5 d6 6.Nf3 g6 7.g3 Bg7 8.Bg2 O-O 
9.O-O Nbd7 10.Re1 a6 11.Bf4 Qe7 12.a4 Rb8 13.a5 h6 14.Qc2 Ng4 15.e4 Nde5 
16.Nxe5 Nxe5 17.Na4 Bd7 18.Bd2 Bb5 19.Bc3 1/2-1/2

[Event "32nd Capablanca Memorial"]
[Site "Cienfuegos City CUB"]
[Date "1997.05.15"]
[Round "8"]
[White "Rodriguez Cespedes, Amador"]
[Black "Nogueiras Santiago, Jesus"]
[Result "1/2-1/2"]
[WhiteElo "2555"]
[BlackElo "2545"]
[EventDate "1997.05.05"]
[PlyCount "29"]

1.Nf3 Nf6 2.g3 b6 3.Bg2 Bb7 4.O-O e6 5.b3 Be7 6.Bb2 O-O 7.e3 d5 8.Qe2 Nbd7
9.c4 c5 10.Nc3 Rc8 11.Rfd1 a6 12.Rac1 Qc7 13.d3 Rfd8 14.e4 dxe4 15.Nxe4 
1/2-1/2

[Event "32nd Capablanca Memorial"]
[Site "Cienfuegos City CUB"]
[Date "1997.05.15"]
[Round "8"]
[White "Zapata Ramirez, Alonso"]
[Black "Leko, Peter"]
[Result "1/2-1/2"]
[WhiteElo "2515"]
[BlackElo "2600"]
[EventDate "1997.05.05"]
[PlyCount "76"]

1.e4 c5 2.Nf3 d6 3.d4 cxd4 4.Nxd4 Nf6 5.Nc3 e6 6.g3 Nc6 7.Bg2 Bd7 8.O-O 
Be7 9.Kh1 Nxd4 10.Qxd4 O-O 11.a4 Bc6 12.b3 d5 13.e5 Nd7 14.Ba3 Bxa3 15.
Rxa3 Qb6 16.Qxb6 axb6 17.f4 b5 18.Ra2 bxa4 19.Nxa4 Bxa4 20.bxa4 Rfc8 21.
Rb1 Ra7 22.Bf1 Kf8 23.Rb4 Rc3 24.Rb3 Rc7 25.Rb4 f6 26.exf6 gxf6 27.Rd4 Nb8
28.a5 Nc6 29.Rda4 Ke7 30.Kg1 Kd6 31.Kf2 e5 32.Ke3 Ra8 33.a6 bxa6 34.Rxa6 
Rxa6 35.Rxa6 Rb7 36.Bh3 Kc5 37.Bf5 h6 38.Kd2 exf4 1/2-1/2

[Event "32nd Capablanca Memorial"]
[Site "Cienfuegos City CUB"]
[Date "1997.05.18"]
[Round "10"]
[White "Zapata Ramirez, Alonso"]
[Black "Rodriguez Cespedes, Amador"]
[Result "0-1"]
[WhiteElo "2515"]
[BlackElo "2555"]
[EventDate "1997.05.05"]
[PlyCount "72"]

1.e4 c5 2.Nf3 d6 3.d4 cxd4 4.Nxd4 Nf6 5.Nc3 a6 6.Bc4 e6 7.Bb3 Nc6 8.Be3 
Qc7 9.Qe2 Na5 10.O-O-O b5 11.g4 b4 12.g5 Nd7 13.Na4 Nxb3+ 14.axb3 Nc5 15.
Nxc5 dxc5 16.Nf3 Be7 17.Nd2 a5 18.Nc4 a4 19.Kb1 Ba6 20.f3 O-O 21.h4 Ra7 
22.Bc1 Rfa8 23.f4 Bb5 24.h5 Ra6 25.g6 fxg6 26.hxg6 h6 27.Rh3 Bf8 28.f5 Qe5
29.Nxe5 Bxe2 30.Re1 Bb5 31.bxa4 Rxa4 32.c4 bxc3 33.Rxc3 c4 34.Bd2 Ra1+ 35.
Kc2 Ba4+ 36.b3 cxb3+ 0-1

[Event "32nd Capablanca Memorial"]
[Site "Cienfuegos City CUB"]
[Date "1997.05.18"]
[Round "10"]
[White "Arencibia Rodriguez, Walter"]
[Black "Hernandez, Gilberto"]
[Result "1/2-1/2"]
[WhiteElo "2560"]
[BlackElo "2540"]
[EventDate "1997.05.05"]
[PlyCount "21"]

1.e4 c6 2.d4 d5 3.exd5 cxd5 4.c4 Nf6 5.Nc3 Nc6 6.Nf3 e6 7.cxd5 Nxd5 8.Bd3 
Bb4 9.Bd2 O-O 10.O-O Qe7 11.Re1 1/2-1/2

[Event "32nd Capablanca Memorial"]
[Site "Cienfuegos City CUB"]
[Date "1997.05.18"]
[Round "10"]
[White "Spraggett, Kevin"]
[Black "Morovic Fernandez, Ivan"]
[Result "1/2-1/2"]
[WhiteElo "2580"]
[BlackElo "2580"]
[EventDate "1997.05.05"]
[PlyCount "40"]

1.g3 d5 2.Bg2 Nf6 3.d3 e6 4.f4 c5 5.Nf3 Nc6 6.O-O Be7 7.c3 O-O 8.Qc2 d4 9.
Na3 Rb8 10.Nc4 b5 11.Nce5 Nxe5 12.Nxe5 Bb7 13.a4 b4 14.Bxb7 Rxb7 15.cxb4 
cxb4 16.Bd2 Rc7 17.Qb3 Nd7 18.Nxd7 Qxd7 19.Rfc1 Rfc8 20.Qd1 Rxc1 1/2-1/2

[Event "32nd Capablanca Memorial"]
[Site "Cienfuegos City CUB"]
[Date "1997.05.20"]
[Round "11"]
[White "Nogueiras Santiago, Jesus"]
[Black "Spraggett, Kevin"]
[Result "1/2-1/2"]
[WhiteElo "2545"]
[BlackElo "2580"]
[EventDate "1997.05.05"]
[PlyCount "25"]

1.d4 Nf6 2.Nf3 e6 3.g3 c5 4.Bg2 cxd4 5.Nxd4 a6 6.c4 Qc7 7.b3 d6 8.O-O Be7 
9.Bb2 Bd7 10.Nc3 Nc6 11.Re1 Nxd4 12.Qxd4 O-O 13.Ne4 1/2-1/2